| 000 | 00512nam a2200181 i 4500 | ||
|---|---|---|---|
| 001 | 8749 | ||
| 003 | ES-MaACL | ||
| 005 | 20230906145524.0 | ||
| 007 | t| | ||
| 008 | 920831s1967 fr ||||1| fre d | ||
| 080 | _a86.0(83)-14"19" | ||
| 080 | _a86.0(83)(Valjalo,D.7 N.01=4) | ||
| 100 | 1 |
_aValjalo, David. _9112711 |
|
| 245 | 1 | 0 |
_aNeuf poèmes / _cDavid Valjalo. |
| 260 |
_aNice : _bProfils poétiques des pays latins, _c1967. |
||
| 300 |
_a[18 p.] : _bil. ; _c19 cm. |
||
| 852 |
_aES-MaACL _j2144-F-19 _bR.117583 |
||
| 999 |
_c8749 _d8749 |
||